SHRI MANDUKYOPANISHAD (Record no. 357153)

MARC details
000 -LEADER
fixed length control field 005600000a22002410004500
005 - DATE AND TIME OF LATEST TRANSACTION
control field 20120302062610.0
040 ## - CATALOGING SOURCE
Original cataloging agency SAN
100 ## - MAIN ENTRY--PERSONAL NAME
Personal name
--
Numeration
Titles and other words associated with a name
245 ## - TITLE STATEMENT
Title SHRI MANDUKYOPANISHAD
260 ## - PUBLICATION, DISTRIBUTION, ETC. (IMPRINT)
Place of publication, distribution, etc PUNE: MAHADEV CHIMNAJI APTE,1890
300 ## - PHYSICAL DESCRIPTION
Extent 216 P.
490 ## - SERIES STATEMENT
Series statement ANANDASHRAM SANSKRUT GRANTHAWALI
650 ## - SUBJECT ADDED ENTRY--TOPICAL TERM
Topical term or geographic name as entry element VEDARTHA PRASHNA
650 ## - SUBJECT ADDED ENTRY--TOPICAL TERM
Topical term or geographic name as entry element PRANAV
650 ## - SUBJECT ADDED ENTRY--TOPICAL TERM
Topical term or geographic name as entry element GAYATRI
650 ## - SUBJECT ADDED ENTRY--TOPICAL TERM
Topical term or geographic name as entry element VAIRAGYA
650 ## - SUBJECT ADDED ENTRY--TOPICAL TERM
Topical term or geographic name as entry element MUKTI SADHANA
650 ## - SUBJECT ADDED ENTRY--TOPICAL TERM
Topical term or geographic name as entry element SHIV
650 ## - SUBJECT ADDED ENTRY--TOPICAL TERM
Topical term or geographic name as entry element SAMPRADAYA
650 ## - SUBJECT ADDED ENTRY--TOPICAL TERM
Topical term or geographic name as entry element MATSYA SKANDA PURAN
650 ## - SUBJECT ADDED ENTRY--TOPICAL TERM
Topical term or geographic name as entry element SOOTA
942 ## - ADDED ENTRY ELEMENTS (KOHA)
Koha item type Book
Holdings
Withdrawn status Lost status Damaged status Not for loan Home library Current library Date acquired Total Checkouts Barcode Date last seen Price effective from
        Institute For Oriental Study, Thane Institute For Oriental Study, Thane 12/02/2009   IOS-18210 12/02/2009 12/02/2009